=LDR 00000nam 2200000 4500 =001 INLIS000000000049575 =005 20250109013425 =035 ##$$a 0010-031700000000020 =008 250109################g##########0#ind## =020 ##$$a 978-602-255-467-7 =040 ##$$a NBPDMAT =082 ##$$a R. 658.702 6 =090 ##$$a R.658.702 6 $bPer p =245 ##$$a Peraturan presiden tentang pengadaan barang / jasa : $b Kiat memenangkan tender /$c Tim Penulis, Editor ; Coky Aditya Z =250 ##$$a Cet. 1 =260 ##$$a Jakarta :$b Saufa,$c 2014 =300 ##$$a 468 hlm. ; $c 20 x 14 cm. =650 #4$$a Pengadaan Barang - Undang-undang dan Peraturan =850 ##$$a NBPDMAT =084 ##$$a R. 658.702 6 PER =500 ##$$a Biografi hlm. 468 =700 #$$a Tim Penulis =700 #$$a Coky Aditya Z =504 ##$$a Bibliografi hlm. 467 =990 ##$$a 21606215 =990 ##$$a 21606216 =990 ##$$a 21606216 =990 ##$$a 21606215 =990 ##$$a 21606215 =990 ##$$a 21606216